Temperature measurement in engineering /

Guardado en:
Autor Principal: Baker, H. Dean
Otros Autores: Ryder, E. A., Baker, N. H.
Formato: Libro
Idioma:English
Publicado: New York : Wiley, [1953-61]
Materias:
Etiquetas: Agregar Etiqueta
Sin Etiquetas, Sea el primero en etiquetar este registro!
LEADER 01245cam a22002895a 4500
001 EIQ.libpla003855
008 790611m19531961nyua#####b####001#0#eng#d
005 20080331192049.0
245 1 0 |a Temperature measurement in engineering /  |c [by] H. Dean Baker, E. A. Ryder [and] N. H. Baker. 
260 |a New York :  |b Wiley,  |c [1953-61] 
300 |a 2 v. :  |b il. ;  |c 24 cm. 
504 |a Incluye referencias bibliográficas e índices. 
505 0 |a vol. 1. Deals with thermocouple techniques for measuring temperatures -- vol. 2. Deals with various methods of measuring low and very high temperatures in liquids, gases, flames and solid bodies. 
100 1 |a Baker, H. Dean  |q (Henry Dean). 
700 1 |a Ryder, E. A. 
700 1 |a Baker, N. H. 
082 0 0 |a 621 
650 4 |a Procesos  |x Insrtrumentos de medición. 
650 4 |a Procesos  |x Medición de temperatura. 
650 4 |a Procesos  |x termocuplas. 
650 4 |a Processes  |x thermocouple. 
650 4 |a Processes  |x Temperature measurements. 
650 4 |a Processes  |x Engineering instruments. 
010 |a  53011565  
040 |a DLC  |c DLC  |d AR-BbSID 
859 |a AR-BbSID  |b BIB. PLAPIQUI  |h 620.004 4  |i B 171  |p 3967  |v Vol. 1  |3 Vol. 1 
859 |a AR-BbSID  |b BIB. PLAPIQUI  |h 620.004 4  |i B 171  |p 3968  |v Vol. 2  |3 Vol. 2